<?xml version="1.0" encoding="UTF-8"?>
<record
    xmlns:xsi="http://www.w3.org/2001/XMLSchema-instance"
    xsi:schemaLocation="http://www.loc.gov/MARC21/slim http://www.loc.gov/standards/marcxml/schema/MARC21slim.xsd"
    xmlns="http://www.loc.gov/MARC21/slim">

  <leader>00886cam8a220024100 4500</leader>
  <controlfield tag="001">qce01735532</controlfield>
  <controlfield tag="005">20190822104423.0</controlfield>
  <controlfield tag="008">750211s1974    ja            000 1 eng u</controlfield>
  <datafield tag="035" ind1=" " ind2=" ">
    <subfield code="a">(Sirsi) r93377</subfield>
  </datafield>
  <datafield tag="035" ind1=" " ind2=" ">
    <subfield code="a">(QCAT)lss00737121</subfield>
  </datafield>
  <datafield tag="035" ind1=" " ind2=" ">
    <subfield code="a">(UPRA)qce01735532</subfield>
  </datafield>
  <datafield tag="040" ind1=" " ind2=" ">
    <subfield code="d">UPRA</subfield>
  </datafield>
  <datafield tag="043" ind1=" " ind2=" ">
    <subfield code="a">a-vn--- e-fr---</subfield>
    <subfield code="a">a-vn--- e-fr---</subfield>
  </datafield>
  <datafield tag="100" ind1="1" ind2=" ">
    <subfield code="a">V~o, Nguy^en Giap, 1912-</subfield>
    <subfield code="d">V~o, Nguy^en Giap, 1912-</subfield>
    <subfield code="6">A52133.1</subfield>
  </datafield>
  <datafield tag="245" ind1="1" ind2="0">
    <subfield code="a">People's war ; People's Army /</subfield>
    <subfield code="c">[by] Vo Nguyen Giap.</subfield>
  </datafield>
  <datafield tag="250" ind1=" " ind2=" ">
    <subfield code="a">2nd ed.</subfield>
  </datafield>
  <datafield tag="260" ind1=" " ind2=" ">
    <subfield code="a">Hanoi :</subfield>
    <subfield code="b">Foreign Languages Pub. House,</subfield>
    <subfield code="c">1974.</subfield>
  </datafield>
  <datafield tag="651" ind1=" " ind2="0">
    <subfield code="a">Indochina -- History -- 1945-</subfield>
    <subfield code="x">Indochina -- History -- 1945-</subfield>
    <subfield code="y">Indochina -- History -- 1945-</subfield>
    <subfield code="6">S40782.1</subfield>
  </datafield>
  <datafield tag="651" ind1=" " ind2="0">
    <subfield code="a">Vietnam (Democratic Republic) -- History.</subfield>
    <subfield code="x">Vietnam (Democratic Republic) -- History.</subfield>
    <subfield code="6">S30746.1</subfield>
  </datafield>
  <datafield tag="949" ind1=" " ind2=" ">
    <subfield code="a">DS557</subfield>
    <subfield code="w">lcc</subfield>
    <subfield code="m">MAIN</subfield>
    <subfield code="t">BOOK</subfield>
    <subfield code="l">ON-SHELF</subfield>
  </datafield>
  <controlfield tag="004">93377</controlfield>
  <datafield tag="987" ind1=" " ind2=" ">
    <subfield code="a">WITHDRAWN</subfield>
  </datafield>
  <datafield tag="999" ind1=" " ind2=" ">
    <subfield code="c">130592</subfield>
    <subfield code="d">130592</subfield>
  </datafield>
</record>
